The hunger games.

Saved in:
Bibliografiske detaljer
Hovedforfatter: Collins, Suzanne (autora)
Format: Ukendt
Udgivet: New York, USA: Scholastic Press, 2008.
Udgivelse:1st.ed.
Fag:
Tags: Tilføj Tag
Ingen Tags, Vær først til at tagge denne postø!

MARC

LEADER 00000 a2200000 4500
003 CL-VaPUC
005 20250421150943.0
008 230123t2008 ||||| |||| 00| 0 eng d
999 |c 439472  |d 439470 
020 |a 978-0439-02348-1 
040 |c Pontificia Universidad Católica de Valparaíso 
082 7 |a 813 COL 2008  |2 22 
100 |a Collins, Suzanne  |e autora  |9 563214 
245 1 4 |a The hunger games. 
250 |a 1st.ed. 
260 |a New York, USA:   |b Scholastic Press,   |c 2008. 
300 |a 374 páginas.  
583 |k GC  |c 20230123 
650 |a Novela estadounidense  |9 266286 
650 |a Relaciones humanas   |x Literatura estadounidense  |9 880065 
650 |a Supervivencia   |x Novela estadounidense  |9 880066 
942 |2 ddc  |c BK 
952 |0 0  |1 0  |2 ddc  |4 0  |6 813_000000000000000_COL_2008  |7 0  |8 A  |9 588671  |a BIBEDU  |b BIBEDU  |c GEN  |d 2023-01-20  |e 74  |g 29221.00  |i 5656448  |l 5  |m 3  |o 813 COL 2008  |p 5656448  |r 2025-04-29  |s 2025-04-22  |t 2  |v 29221.00  |w 2023-01-20  |y BK  |k LIT 
952 |0 0  |1 0  |2 ddc  |4 0  |6 813_000000000000000_COL_2008  |7 0  |8 A  |9 588672  |a BIBEDU  |b BIBEDU  |c GEN  |d 2023-01-20  |e 74  |g 29221.00  |i 5656449  |l 3  |o 813 COL 2008  |p 5656449  |r 2025-04-07  |s 2025-03-28  |t 3  |v 29221.00  |w 2023-01-20  |y BK  |k LIT 
952 |0 0  |1 0  |2 ddc  |4 0  |6 813_000000000000000_COL_2008  |7 0  |8 A  |9 588673  |a BIBEDU  |b BIBEDU  |c GEN  |d 2023-01-20  |e 74  |g 29221.00  |i 5656447  |l 6  |m 3  |o 813 COL 2008  |p 5656447  |r 2025-04-21  |s 2025-04-11  |t 1  |v 29221.00  |w 2023-01-20  |y BK  |k LIT